00781nam a2200241 a 450000100060000000300080000600500170001400800410003102000330007203500190010504000270012404100080015108200260015910000230018524500640020826000340027230000250030649000410033150400510037265000200042365000190044383000770046254036BD-RjUL20211209080050.0161031s1998 nyu b 001 0 eng  a0387982914 (hc : alk. paper) a(BD-RjUL)54158 aDLCcDLCdBD-RjULbeng aeng00a515.642223bFER 19981 aFeintuch, Avraham.10aRobust control theory in Hilbert space /cAvraham Feintuch. aNew York :bSpringer,cc1998. axv, 225 p. ;c25 cm.1 aApplied mathematical sciences ;v130 aIncludes bibliographical references and index. 0aControl theory. 0aHilbert space. 0aApplied mathematical sciences (Springer-Verlag New York Inc.) ;vv. 130.